<?xml version="1.0" encoding="UTF-8"?>
<record
    xmlns:xsi="http://www.w3.org/2001/XMLSchema-instance"
    xsi:schemaLocation="http://www.loc.gov/MARC21/slim http://www.loc.gov/standards/marcxml/schema/MARC21slim.xsd"
    xmlns="http://www.loc.gov/MARC21/slim">

  <leader>04152njm a2200577Ia 4500</leader>
  <controlfield tag="001">C8619</controlfield>
  <controlfield tag="003">IT-RoPAU</controlfield>
  <controlfield tag="005">20220918181117.0</controlfield>
  <controlfield tag="008">131025s9999    xx            000 0 und d</controlfield>
  <datafield tag="040" ind1=" " ind2=" ">
    <subfield code="a">IT-RoPAU</subfield>
  </datafield>
  <datafield tag="040" ind1=" " ind2=" ">
    <subfield code="c">IT-RoPAU</subfield>
  </datafield>
  <datafield tag="041" ind1=" " ind2=" ">
    <subfield code="a">ITALIANO</subfield>
  </datafield>
  <datafield tag="999" ind1=" " ind2=" ">
    <subfield code="c">99479</subfield>
    <subfield code="d">99479</subfield>
  </datafield>
  <datafield tag="999" ind1=" " ind2=" ">
    <subfield code="b">n.d.</subfield>
  </datafield>
  <datafield tag="100" ind1=" " ind2=" ">
    <subfield code="a">AA.VV.</subfield>
    <subfield code="9">794</subfield>
  </datafield>
  <datafield tag="100" ind1=" " ind2=" ">
    <subfield code="e">Autore musica</subfield>
    <subfield code="9">30414</subfield>
  </datafield>
  <datafield tag="100" ind1=" " ind2=" ">
    <subfield code="g">Codice autore musica SPICS: 12000</subfield>
    <subfield code="9">796</subfield>
  </datafield>
  <datafield tag="245" ind1=" " ind2=" ">
    <subfield code="a">Non &#xE8; la Rai - Novanta5</subfield>
  </datafield>
  <datafield tag="250" ind1=" " ind2=" ">
    <subfield code="a">1a ed.</subfield>
  </datafield>
  <datafield tag="260" ind1=" " ind2=" ">
    <subfield code="a">COLOGNO MONZESE</subfield>
  </datafield>
  <datafield tag="260" ind1=" " ind2=" ">
    <subfield code="b">RTI MUSIC</subfield>
    <subfield code="c">1995 [1a Ed.:1995 - Ed. Lingua Orig.: 1995]</subfield>
  </datafield>
  <datafield tag="300" ind1=" " ind2=" ">
    <subfield code="a">MUSICASSETTA</subfield>
  </datafield>
  <datafield tag="300" ind1=" " ind2=" ">
    <subfield code="c">74 minuti (Testo: 0 pag.)</subfield>
  </datafield>
  <datafield tag="500" ind1=" " ind2=" ">
    <subfield code="a">Musica leggera. Canzoni interpretate dalle ragazze di "Non &#xE8; la Rai".</subfield>
  </datafield>
  <datafield tag="505" ind1=" " ind2=" ">
    <subfield code="a">Bello e impossibile [(Maiuri Loredana) (4:00)] - Il telefonino [(Marinangeli Alessia) (3:00)] - Too Bad [(Maiuri Loredana) (4:00)] - Kiss [(Maiuri Loredana) (4:00)] - Scordati di me (4:00) - Io ti amo (4:00) - Il vento (4:00) - Che fatica [(Marinangeli Alessia) (4:00)] - Io ti amo suppergi&#xF9; (3:00) - L'aglio [(Castelli Cristiano) (4:00)] - Autostop [(Marinangeli Alessia) (4:00)] - I Feel Good [(Resi Michela) (3:00)] - Vattene via [(Andreozzi Michela) (4:00)] - Don Giovanni [(Maiuri Loredana) (4:00)] - Black Is Black (4:00) - La botta [(Andreozzi Michela) (4:00)] - Vere amiche (4:00) - Funky Street (4:00) - Tutta colpa mia [(Del Prete Stefania) (4:00)] - Tab&#xF9; (4:00) - Another Night (4:00) - Non sono lolita [(Marinangeli Alessia) (4:00)]</subfield>
  </datafield>
  <datafield tag="650" ind1=" " ind2=" ">
    <subfield code="a">CANZONE ITALIAN [CASSETTE]</subfield>
    <subfield code="e">Codice MATERIA SPICS: 9951</subfield>
    <subfield code="9">2279</subfield>
  </datafield>
  <datafield tag="700" ind1=" " ind2=" ">
    <subfield code="a">Nannini Gianna</subfield>
    <subfield code="d">Codice autore testo/musica SPICS: 11297</subfield>
    <subfield code="e">Autore testo/musica</subfield>
    <subfield code="p">Bello e impossibile</subfield>
    <subfield code="9">30415</subfield>
  </datafield>
  <datafield tag="700" ind1=" " ind2=" ">
    <subfield code="a">Pianigiani Fabio</subfield>
    <subfield code="d">Codice autore SPICS: 23700</subfield>
    <subfield code="e">Autore</subfield>
    <subfield code="p">Bello e impossibile</subfield>
    <subfield code="9">30416</subfield>
  </datafield>
  <datafield tag="700" ind1=" " ind2=" ">
    <subfield code="a">Boncompagni Gianni</subfield>
    <subfield code="d">Codice autore musica SPICS: 13860</subfield>
    <subfield code="e">Autore musica</subfield>
    <subfield code="p">Il telefonino - Io ti amo - Che fatica - Io ti amo suppergi&#xF9; - Don Giovanni - La botta - Tab&#xF9;</subfield>
    <subfield code="9">30417</subfield>
  </datafield>
  <datafield tag="700" ind1=" " ind2=" ">
    <subfield code="a">Nocera P.</subfield>
    <subfield code="d">Codice autore musica SPICS: 43080</subfield>
    <subfield code="e">Autore musica</subfield>
    <subfield code="p">Il telefonino - Scordati di me - Che fatica - Io ti amo suppergi&#xF9; - Vattene via - Don Giovanni - La botta - Vere amiche - Tutta colpa mia - Non sono lolita</subfield>
    <subfield code="9">30418</subfield>
  </datafield>
  <datafield tag="700" ind1=" " ind2=" ">
    <subfield code="a">Castelli Cristiano</subfield>
    <subfield code="d">Codice autore SPICS: 43087</subfield>
    <subfield code="e">Autore</subfield>
    <subfield code="p">Too Bad</subfield>
    <subfield code="9">30419</subfield>
  </datafield>
  <datafield tag="700" ind1=" " ind2=" ">
    <subfield code="a">Prince</subfield>
    <subfield code="d">Codice autore musica SPICS: 2331</subfield>
    <subfield code="e">Autore musica</subfield>
    <subfield code="p">Kiss</subfield>
    <subfield code="9">30420</subfield>
  </datafield>
  <datafield tag="700" ind1=" " ind2=" ">
    <subfield code="a">Bracardi Franco</subfield>
    <subfield code="d">Codice autore SPICS: 14180</subfield>
    <subfield code="e">Autore</subfield>
    <subfield code="p">Scordati di me - Vattene via - Don Giovanni - Tutta colpa mia - Non sono lolita</subfield>
    <subfield code="9">30421</subfield>
  </datafield>
  <datafield tag="700" ind1=" " ind2=" ">
    <subfield code="a">Magalli Giancarlo</subfield>
    <subfield code="d">Codice autore SPICS: 43088</subfield>
    <subfield code="e">Autore</subfield>
    <subfield code="p">Io ti amo</subfield>
    <subfield code="9">30422</subfield>
  </datafield>
  <datafield tag="700" ind1=" " ind2=" ">
    <subfield code="a">Mogol (Rapetti Giulio)</subfield>
    <subfield code="d">Codice autore musica SPICS: 13643</subfield>
    <subfield code="e">autore musica</subfield>
    <subfield code="p">Il vento</subfield>
    <subfield code="9">30423</subfield>
  </datafield>
  <datafield tag="700" ind1=" " ind2=" ">
    <subfield code="a">Battisti Lucio</subfield>
    <subfield code="d">Codice autore SPICS: 10746</subfield>
    <subfield code="e">Autore</subfield>
    <subfield code="p">Il vento</subfield>
    <subfield code="9">30424</subfield>
  </datafield>
  <datafield tag="700" ind1=" " ind2=" ">
    <subfield code="a">Loeb</subfield>
    <subfield code="d">Codice autore musica SPICS: 43089</subfield>
    <subfield code="e">Autore musica</subfield>
    <subfield code="p">L'aglio</subfield>
    <subfield code="9">30425</subfield>
  </datafield>
  <datafield tag="700" ind1=" " ind2=" ">
    <subfield code="a">Grillet</subfield>
    <subfield code="d">Codice autore SPICS: 43090</subfield>
    <subfield code="e">Autore</subfield>
    <subfield code="p">L'aglio</subfield>
    <subfield code="9">30426</subfield>
  </datafield>
  <datafield tag="700" ind1=" " ind2=" ">
    <subfield code="a">Chany</subfield>
    <subfield code="d">Codice autore testo/musica SPICS: 43091</subfield>
    <subfield code="e">Autore testo/musica</subfield>
    <subfield code="p">L'aglio</subfield>
    <subfield code="9">30427</subfield>
  </datafield>
  <datafield tag="700" ind1=" " ind2=" ">
    <subfield code="a">Jeffrey P.</subfield>
    <subfield code="d">Codice autore SPICS: 43093</subfield>
    <subfield code="e">Autore</subfield>
    <subfield code="p">Autostop</subfield>
    <subfield code="9">30428</subfield>
  </datafield>
  <datafield tag="700" ind1=" " ind2=" ">
    <subfield code="a">Strambelli Nicoletta</subfield>
    <subfield code="d">Codice autore testo/musica SPICS: 18187</subfield>
    <subfield code="e">Autore testo/musica</subfield>
    <subfield code="p">Autostop</subfield>
    <subfield code="9">30429</subfield>
  </datafield>
  <datafield tag="700" ind1=" " ind2=" ">
    <subfield code="a">Brown John</subfield>
    <subfield code="d">Codice autore musica SPICS: 16293</subfield>
    <subfield code="e">Autore musica</subfield>
    <subfield code="p">I Feel Good</subfield>
    <subfield code="9">30430</subfield>
  </datafield>
  <datafield tag="700" ind1=" " ind2=" ">
    <subfield code="a">Grainger Porter</subfield>
    <subfield code="d">Codice autore musica SPICS: 13021</subfield>
    <subfield code="e">Autore musica</subfield>
    <subfield code="p">Black Is Black</subfield>
    <subfield code="9">30431</subfield>
  </datafield>
  <datafield tag="700" ind1=" " ind2=" ">
    <subfield code="a">Wadey</subfield>
    <subfield code="d">Codice autore SPICS: 43096</subfield>
    <subfield code="e">Autore</subfield>
    <subfield code="p">Black Is Black</subfield>
    <subfield code="9">30432</subfield>
  </datafield>
  <datafield tag="700" ind1=" " ind2=" ">
    <subfield code="a">Mayes</subfield>
    <subfield code="d">Codice autore testo/musica SPICS: 43097</subfield>
    <subfield code="e">Autore testo/musica</subfield>
    <subfield code="p">Black Is Black</subfield>
    <subfield code="9">30433</subfield>
  </datafield>
  <datafield tag="700" ind1=" " ind2=" ">
    <subfield code="a">Vasile P.</subfield>
    <subfield code="d">Codice autore SPICS: 18907</subfield>
    <subfield code="e">Autore</subfield>
    <subfield code="p">Vere amiche</subfield>
    <subfield code="9">30434</subfield>
  </datafield>
  <datafield tag="700" ind1=" " ind2=" ">
    <subfield code="a">Conley</subfield>
    <subfield code="d">Codice autore musica SPICS: 24582</subfield>
    <subfield code="e">Autore musica</subfield>
    <subfield code="p">Funky Street</subfield>
    <subfield code="9">30435</subfield>
  </datafield>
  <datafield tag="700" ind1=" " ind2=" ">
    <subfield code="a">Lo Vecchio A.</subfield>
    <subfield code="d">Codice autore testo/musica SPICS: 18919</subfield>
    <subfield code="e">Autore testo/musica</subfield>
    <subfield code="p">Tab&#xF9;</subfield>
    <subfield code="9">30436</subfield>
  </datafield>
  <datafield tag="700" ind1=" " ind2=" ">
    <subfield code="a">Freeland Roy</subfield>
    <subfield code="d">Codice autore musica SPICS: 19938</subfield>
    <subfield code="e">Autore musica</subfield>
    <subfield code="p">Another Night</subfield>
    <subfield code="9">30437</subfield>
  </datafield>
  <datafield tag="700" ind1=" " ind2=" ">
    <subfield code="a">Cantarelli</subfield>
    <subfield code="d">Codice autore SPICS: 43099</subfield>
    <subfield code="e">Autore</subfield>
    <subfield code="p">Another Night</subfield>
    <subfield code="9">30438</subfield>
  </datafield>
  <datafield tag="942" ind1=" " ind2=" ">
    <subfield code="c">MC</subfield>
    <subfield code="2">ddc</subfield>
  </datafield>
  <datafield tag="952" ind1=" " ind2=" ">
    <subfield code="0">0</subfield>
    <subfield code="1">0</subfield>
    <subfield code="4">0</subfield>
    <subfield code="6">C_8619_000000000000000</subfield>
    <subfield code="7">1</subfield>
    <subfield code="a">SPICS</subfield>
    <subfield code="b">SPICS</subfield>
    <subfield code="d">2013-10-25</subfield>
    <subfield code="l">0</subfield>
    <subfield code="o">C8619</subfield>
    <subfield code="r">2013-10-25 00:00:00</subfield>
    <subfield code="w">2013-10-25</subfield>
    <subfield code="y">MC</subfield>
    <subfield code="z">Progr. Ins.: 1533 / N.Vol.: 1 / Copie: 1 - Copia rara: n.d. / date import: 01.01.2014 - By Epidotti, Trombetti, Vaglietti</subfield>
  </datafield>
</record>
